Normal view
MARC view
- Bhanushali, Beena
Entry Personal Name
001 - CONTROL NUMBER
- control field: 25895
003 - CONTROL NUMBER IDENTIFIER
- control field: IN-BhIIT
005 - DATE AND TIME OF LATEST TRANSACTION
- control field: 20250328102924.0
008 - FIXED-LENGTH DATA ELEMENTS
- fixed length control field: 250328|| aca||aabn | a|a d
040 ## - CATALOGING SOURCE
- Original cataloging agency: IN-BhIIT
- Transcribing agency: IN-BhIIT
100 ## - HEADING--PERSONAL NAME
- Personal name: Bhanushali, Beena
670 ## - SOURCE DATA FOUND
- Source citation: Work cat.: (IN-BhIIT)14786: Bhanushali, Amit Author 25893, Continuous integration and delivery with test driven development :, 2024.